000 00840nam a2200205 4500
001 307
005 20181127161249.0
008 700821s1966 njua b 001 0 eng
010 _a 66010949
100 1 _aYoung, Pauline (Vislick)
_d1896-
245 1 0 _aScientific social surveys and research;
_ban introduction to the background, content, methods, principles and analysis of social studies
_c[by] Pauline V. Young. With chapters on statistics, scaling techniques, graphic presentation and human ecology, by Calvin F. Schmid.
250 _a4th ed.
260 _aNew Delhi :
_bPHI Learning,
_c2010.
300 _axvi, 576 p.;
_bill :
_c22 cm.
490 0 _aPrentice-Hall sociology series
504 _aBibliography: p. 553-561.
650 0 _aSocial sciences
_xMethodology.
650 0 _aSocial surveys.
700 1 _aSchmid, Calvin Fisher,
_d1901-
999 _c272
_d272